READING IN CONTEMPORARY CULTURE (Registro nro. 22322)
[ vista simple ]
| 000 -LEADER | |
|---|---|
| fixed length control field | 00492nam a2200181 a 4500 |
| 001 - CONTROL NUMBER | |
| control field | 22322 |
| 005 - DATE AND TIME OF LATEST TRANSACTION | |
| control field | 20180713220218.0 |
| 008 - FIXED-LENGTH DATA ELEMENTS--GENERAL INFORMATION | |
| fixed length control field | 140415s1979 xxu 000 0 eng d |
| 020 ## - INTERNATIONAL STANDARD BOOK NUMBER | |
| International Standard Book Number | 00703525 |
| 041 ## - LANGUAGE CODE | |
| Language code of text/sound track or separate title | eng |
| 082 ## - DEWEY DECIMAL CLASSIFICATION NUMBER | |
| Classification number | 428 |
| Item number | HOR |
| 100 1# - MAIN ENTRY--PERSONAL NAME | |
| Personal name | HORNING, ALICE S. |
| 245 10 - TITLE STATEMENT | |
| Title | READING IN CONTEMPORARY CULTURE |
| 250 ## - EDITION STATEMENT | |
| Edition statement | 1a ed. |
| 260 ## - PUBLICATION, DISTRIBUTION, ETC. | |
| Place of publication, distribution, etc. | ESTADOS UNIDOS DE AMERICA : |
| Name of publisher, distributor, etc. | MCGRAW-HILL, |
| Date of publication, distribution, etc. | 1979 |
| 300 ## - PHYSICAL DESCRIPTION | |
| Extent | 170 |
| 650 14 - SUBJECT ADDED ENTRY--TOPICAL TERM | |
| Topical term or geographic name entry element | INGLES |
| General subdivision | TEXTOS |
| -- | LECTURAS |
| -- | ESTADOS UNIDOS |
| Withdrawn status | Lost status | Source of classification or shelving scheme | Damaged status | Not for loan | Collection code | Home library | Current library | Shelving location | Date acquired | Source of acquisition | Inventory number | Total Checkouts | Full call number | Barcode | Date last seen | Date last checked out | Price effective from | Koha item type |
|---|---|---|---|---|---|---|---|---|---|---|---|---|---|---|---|---|---|---|
| Dewey Decimal Classification | General | Biblioteca Karol Wojtyla | Biblioteca Karol Wojtyla | Sala general | 03/12/2013 | Compra | 151000000000000000042034 | 1 | 428 HOR | 42852 | 08/04/2026 | 18/03/2026 | 03/12/2013 | Libro |